The archive of the Theban Choachytes (Second Century B.C.) : a survey of the Demotic and Greek papyri contained in the archive /

محفوظ في:

المؤلف الرئيسي: Pestman, P. W.

التنسيق: كتاب

اللغة: English

منشور في: Leuven : In Aedibus Peeters, 1993.

سلاسل: Studia demotica ; 2.

الموضوعات:

الوسوم: إضافة وسم

لا توجد وسوم, كن أول من يضع وسما على هذه التسجيلة!

رقم الطلب: PJ1807 .S85 v.2

LEADER 00847nam a22002537a 4500
003 OSt
005 20251027101222.0
008 251027t1993 be a 000 0 eng d
020 |a 9068314890 
040 |c ARCE Library 
050 1 4 |a PJ1807  |b .S85 v.2 
100 1 |a Pestman, P. W. 
245 1 4 |a The archive of the Theban Choachytes (Second Century B.C.) :   |b a survey of the Demotic and Greek papyri contained in the archive /   |c by P.W Pestman. 
264 1 |a Leuven :   |b In Aedibus Peeters,   |c 1993. 
300 |a  xx, 568 p. :   |b ill. ;   |c 28 cm. 
490 0 |a Studia demotica ; 2. 
500 |a Check-list inserted. 
500 |a Errata slip inserted. 
650 0 |a Egyptian language -- Papyri, Demotic. 
650 0 |a Manuscripts, Greek (Papyri) 
651 0 |a Egypt -- Thebes (Extinct city) 
901 |a reviewed 
942 |2 lcc  |c BK 
999 |c 50364  |d 50364